LEADER 01448nam a2200325 u 4500 001 000000059602 003 CaOOAMICUS 005 20070226120823.0 008 010703s1949 fr u000 u fre u 035 $a10895179 040 $aPUL(R)$bita 041 1 $afre$hlat 100 0 $aThomas Aquinas,$cs.,$dc. 1225-1274.$0(OLS)http://pul/name/3373 240 10$aSumma theologiae$9(Thomas Aquinas, s., c. 1225-1274).$lFrancese$1Gruppi, scelte.$0(OLS)http://pul/title/79787 245 10$aSomme theologique :$bl'âme humaine.$n1a,$pQuestions 75-83 /$cSaint Thomas D'Aquin ; traduction française par J. Wébert. 246 34$aQuestions 75-83 250 $a2e éd. 260 $aParis :$bTournai :$bDesclée,$c1949. 300 $a414 p. ;$c22 cm 490 1 $aÉditions de la revue des jeunes 700 1 $aWébert, J.$0(OLS)http://pul/name/41076 830 0$aÉditions de la revue des jeunes.$0(OLS)http://pul/title/79790 850 $aPUL 852 $aPUL$W1$xDP1 Altre Collocazioni$y17$mSenza collocazione$j12$nBK-PRI$b $qStampati$B77701$CPULBib$Z2$F77701 $H $81 900 $aTommaso d'Aquino,$cs.,$dc.1225-1274$93373 941 1 $a8 961 $aINV: 1096 996 $6245$aSomme theologique :$bl'âme humaine.$n1a,$pQuestions 75-83$9(OLS)http://pul/title/79788 996 $6246$aQuestions 75-83$9(OLS)http://pul/title/79789 996 $6260$aParis :$bTournai :$bDesclée$9(OLS)http://pul/publisher/69828 LEADER 01643nam a2200277 u 4500 001 000000085369 003 CaOOAMICUS 005 20070226124159.0 008 050824m19281930it a u000 u ita u 035 $a11058289 040 $aPUL(R)$bita 245 03$aLe meraviglie del passato :$bi mirabili lavori dell'uomo nell'antichità descritti dai più autorevoli scrittori e archeologi moderni. 260 $aMilano :$bA. Mondadori,$c1928-1931. 300 $a4 v. :$bin gran parte ill. ;$c28 cm 650 4$aArcheologia.$0(OLS)http://pul/subject/9411 650 4$aArchitettura antica.$0(OLS)http://pul/subject/27023 650 4$aMitologia classica.$0(OLS)http://pul/subject/21884 650 4$aArte e mitologia.$0(OLS)http://pul/subject/14183 850 $aPUL 852 $aPUL$W1$xDP1 Fondo Cecchetti$y53$m282 E 4-7$j108486$nBK-PRI$b $qFondi$B108486$CPULBib$Z2$F108486 $HPUL5347-5348-5349-5350 $81 852 $aPUL$W1$xDP1 Fondo Cecchetti$y53$m282 E 4-7$j108486$nBK-PRI$b $qFondi$B108487$CPULBib$Z2$F108487 $HPUL5347-5348-5349-5350 $81 852 $aPUL$W1$xDP1 Fondo Cecchetti$y53$m282 E 4-7$j108486$nBK-PRI$b $qFondi$B108488$CPULBib$Z2$F108488 $HPUL5347-5348-5349-5350 $81 852 $aPUL$W1$xDP1 Fondo Cecchetti$y53$m282 E 4-7$j108486$nBK-PRI$b $qFondi$B108489$CPULBib$Z2$F108489 $HPUL5347-5348-5349-5350 $81 941 1 $a1 996 $6245$aLe meraviglie del passato :$bi mirabili lavori dell'uomo nell'antichità descritti dai più autorevoli scrittori e archeologi moderni$9(OLS)http://pul/title/110787 996 $6260$aMilano :$bA. Mondadori$9(OLS)http://pul/publisher/48249